Top 50 Countries With The Lowest GDP - Statistics

General Stats
  • This quiz has been taken 62 times
  • The average score is 36 of 50
Answer Stats
GDP Country % Correct
$1,19 B Samoa
91%
$243 M Palau
89%
$1,70 B Solomon Islands
89%
$235 M Marshall Islands
87%
$144 M Nauru
87%
$678 M Tonga
87%
$63 M Tuvalu
87%
$920 M Vanuatu
87%
$12,37 B Fiji
85%
$383 M FS Micronesia
85%
$266 M Kiribati
85%
$2,08 B Saint Vincent and the Grenadines
83%
$10,60 B Burundi
81%
$1,76 B Saint Kitts and Nevis
81%
$3,03 B Saint Lucia
81%
$1,06 B São Tomé and Principe
81%
$4,41 B Cape Verde
80%
$3,20 B Comoros
80%
$6,77 B Djibouti
80%
$3,02 B Antigua and Barbuda
78%
$1,07 B Dominica
78%
$2,20 B Grenada
78%
$22,61 B Togo
78%
$7,69 B Eritrea
76%
$21,27 B Bahamas
74%
$5,27 B Barbados
74%
$3,49 B Seychelles
74%
$5,01 B Andorra
72%
$5,52 B Central African Republic
72%
$28,52 B Chad
72%
$4,57 B East Timor
70%
$8,76 B Liberia
70%
$16,27 B Sierra Leone
70%
$3,14 B Belize
69%
$11,98 B Eswatini
69%
$5,15 B Guinea-Bissau
67%
$28,44 B Malta
67%
$2,37 B San Marino
67%
$6,40 B Lesotho
65%
$13,53 B South Sudan
65%
$6,79 B Gambia
63%
$11,38 B Maldives
61%
$20,61 B Somalia
61%
$9,85 B Bhutan
59%
$10,79 B Suriname
57%
$22,51 B Congo
54%
$15,47 B Montenegro
46%
$25,18 B Kosovo
43%
$27,11 B Namibia
41%
$24,19 B Iceland
37%
No matching quizzes found
Score Distribution
Percent of People with Each Score
Percentile by Number Answered
Your Score History
You have not taken this quiz